Geography Sixes Quiz Stats

 Plays Quiz Updated Feb 13, 2019

Support Sporcle.
Go Orange.
Score 0/36 Timer 06:00
8 Plays Today
Hint Answer % Correct
New England StatesMaine
92.6%
New England StatesNew Hampshire
90%
New England StatesVermont
89.9%
New England StatesRhode Island
89.6%
New England StatesMassachusetts
88.2%
New England StatesConnecticut
86.7%
World's Largest Lakes~Lake Superior
80.9%
Socialist Republics of Yugoslavia
(1945-1992)
Serbia
79%
Socialist Republics of Yugoslavia
(1945-1992)
Croatia
78.5%
Countries Bordering
Ethiopia
Somalia
75.3%
World's Largest Lakes~Lake Michigan
74.9%
Countries Bordering
Ethiopia
Sudan
74.1%
Socialist Republics of Yugoslavia
(1945-1992)
Slovenia
73.7%
Most Populous
South American Cities^
Rio de Janeiro
73.3%
Socialist Republics of Yugoslavia
(1945-1992)
Bosnia and Herzegovina
72.9%
Countries Bordering
Ethiopia
Kenya
72.7%
Countries Bordering
Ethiopia
South Sudan
72%
Socialist Republics of Yugoslavia
(1945-1992)
Montenegro
71.2%
Hint Answer % Correct
Countries Bordering
Ethiopia
Eritrea
70.8%
Socialist Republics of Yugoslavia
(1945-1992)
Macedonia
69.7%
Most Populous
South American Cities^
São Paulo
66%
World's Largest Lakes~Lake Huron
65.2%
Countries Bordering
Ethiopia
Djibouti
65.1%
Most Populous
South American Cities^
Lima
64.9%
Most Populous
South American Cities^
Bogotá
63.7%
World's Largest Lakes~Lake Victoria
63.4%
Smallest Oceania Countries by AreaNauru
63%
Smallest Oceania Countries by AreaTuvalu
62.7%
Most Populous
South American Cities^
Santiago
61.6%
Smallest Oceania Countries by AreaPalau
61.2%
Most Populous
South American Cities^
Caracas
60%
Smallest Oceania Countries by AreaTonga
59%
Smallest Oceania Countries by AreaFederated States of Micronesia
58.5%
Smallest Oceania Countries by AreaMarshall Islands
58.4%
World's Largest Lakes~Caspian Sea
45.8%
World's Largest Lakes~Lake Tanganyika
19.5%

From the Vault

Vowel Sandwich

by tobley

Put a little mayo on some vowels, slap on a little ham, and you've got yourself a delicious sammy.
Remove Ads.
Support Sporcle.
Get the best of Sporcle when you Go Orange. This ad-free experience offers more features, more stats, and more fun while also helping to support Sporcle. Thank you for becoming a member.

Show Comments

Extras

Top Quizzes Today


Score Distribution

Your Account Isn't Verified!

In order to create a playlist on Sporcle, you need to verify the email address you used during registration. Go to your Sporcle Settings to finish the process.

Report this User

Report this user for behavior that violates our Community Guidelines.

Details: